<?xml version="1.0" encoding="UTF-8"?><marc:collection xmlns:marc="http://www.loc.gov/MARC21/slim">
  <marc:record>
    <marc:leader>00000nam##2200000za#4500</marc:leader>
    <marc:controlfield tag="001">9.590767</marc:controlfield>
    <marc:controlfield tag="003">CaOODSP</marc:controlfield>
    <marc:controlfield tag="005">20250403104941</marc:controlfield>
    <marc:controlfield tag="007">cr |||||||||||</marc:controlfield>
    <marc:controlfield tag="008">150406|2001||||xxc|||||o    f|0| 0 fre|d</marc:controlfield>
    <marc:datafield tag="020" ind1=" " ind2=" ">
      <marc:subfield code="a">0-660-96435-X</marc:subfield>
    </marc:datafield>
    <marc:datafield tag="022" ind1=" " ind2=" ">
      <marc:subfield code="a">1205-9161</marc:subfield>
    </marc:datafield>
    <marc:datafield tag="040" ind1=" " ind2=" ">
      <marc:subfield code="a">CaOODSP</marc:subfield>
      <marc:subfield code="b">fre</marc:subfield>
    </marc:datafield>
    <marc:datafield tag="043" ind1=" " ind2=" ">
      <marc:subfield code="a">n-cn---</marc:subfield>
    </marc:datafield>
    <marc:datafield tag="086" ind1="1" ind2=" ">
      <marc:subfield code="a">CS11-0019/158F-PDF</marc:subfield>
    </marc:datafield>
    <marc:datafield tag="245" ind1="0" ind2="0">
      <marc:subfield code="a">À la recherche des contraintes intergénérationnelles d'emprunt chez les hommes canadiens : </marc:subfield>
      <marc:subfield code="h">[ressource électronique]</marc:subfield>
      <marc:subfield code="b">tests de régression par quantile et de régression des moindres carrés pour les contraintes impératives d'emprunt / </marc:subfield>
      <marc:subfield code="c">par Nathan D. Grawe. </marc:subfield>
    </marc:datafield>
    <marc:datafield tag="260" ind1=" " ind2=" ">
      <marc:subfield code="a">Ottawa - Ontario : </marc:subfield>
      <marc:subfield code="b">Statistique Canada </marc:subfield>
      <marc:subfield code="c">Janvier 2001.</marc:subfield>
    </marc:datafield>
    <marc:datafield tag="300" ind1=" " ind2=" ">
      <marc:subfield code="a">28p.</marc:subfield>
      <marc:subfield code="b">graphiques, références, tableaux</marc:subfield>
    </marc:datafield>
    <marc:datafield tag="490" ind1="1" ind2=" ">
      <marc:subfield code="a">Documents de recherche - Direction des études analytiques</marc:subfield>
      <marc:subfield code="x">1205-9161</marc:subfield>
      <marc:subfield code="v">N° 158</marc:subfield>
    </marc:datafield>
    <marc:datafield tag="500" ind1=" " ind2=" ">
      <marc:subfield code="a">Le n° de catalogue (11F0019MPF) et l'ISSN (1200-5231) de l'édition imprimée ont été incorrectement copiés dans l'édition électronique.</marc:subfield>
    </marc:datafield>
    <marc:datafield tag="590" ind1=" " ind2=" ">
      <marc:subfield code="a">12-34-Supp</marc:subfield>
      <marc:subfield code="b">2012-07-31</marc:subfield>
    </marc:datafield>
    <marc:datafield tag="710" ind1="2" ind2=" ">
      <marc:subfield code="a">Statistique Canada.</marc:subfield>
    </marc:datafield>
    <marc:datafield tag="720" ind1="1" ind2=" ">
      <marc:subfield code="a">Grawe, Nathan D.</marc:subfield>
    </marc:datafield>
    <marc:datafield tag="775" ind1="0" ind2="8">
      <marc:subfield code="t">In search of intergenerational credit constraints among Canadian men : </marc:subfield>
      <marc:subfield code="w">(CaOODSP)9.557512</marc:subfield>
    </marc:datafield>
    <marc:datafield tag="776" ind1="0" ind2="#">
      <marc:subfield code="t">A la recherche des contraintes intergénérationnelles d'emprunt chez les hommes canadiens : </marc:subfield>
      <marc:subfield code="w">(CaOODSP)9.625481</marc:subfield>
    </marc:datafield>
    <marc:datafield tag="830" ind1="#" ind2="0">
      <marc:subfield code="a">Documents de recherche (Statistique Canada. Direction des études analytiques)</marc:subfield>
      <marc:subfield code="x">1205-9161</marc:subfield>
      <marc:subfield code="v">N° 158</marc:subfield>
      <marc:subfield code="w">(CaOODSP)9.500842</marc:subfield>
    </marc:datafield>
    <marc:datafield tag="856" ind1="4" ind2="0">
      <marc:subfield code="a">http://publications.gc.ca</marc:subfield>
      <marc:subfield code="q">PDF</marc:subfield>
      <marc:subfield code="s">131 Ko</marc:subfield>
      <marc:subfield code="u">https://publications.gc.ca/collections/collection_2012/statcan/11f0019m/11f0019m2001158-fra.pdf</marc:subfield>
      <marc:subfield code="y">N° 158</marc:subfield>
    </marc:datafield>
  </marc:record>
</marc:collection>
